000 01065nam a2200265Ia 4500
003 GCL
005 20240530101951.0
008 140319s9999 xx 000 0 ara d
040 _aGCL /
_cGCL
082 0 4 _a071.962
_bق/ع م
100 1 _aعبدالله النديم
245 1 0 _aمجلة الاستاذ من تراث عبد الله النديم /
_cعبدالله النديم ؛ تقديم عبدالعظيم رمضان ؛ تحليل عبدالمنعم ابراهيم الجميعى
260 _aالقاهرة :
_bالهيئة المصرية العامة للكتاب ،
_c1994
300 _a1032 ص ؛
_c24 سم
650 0 4 _aالادب العربى
650 0 4 _aتاريخ
650 0 4 _aالجوانب الاجتماعية
650 0 4 _aالصحافة المصرية
650 0 4 _aدوريات
650 0 4 _aالصحافة العربية
650 0 4 _aالاحتلال البريطانى
700 1 _aعبدالعظيم رمضان
_eمقدم
700 1 _aعبدالمنعم ابراهيم الجميعى
_eتحليل
942 _2ddc
_cBK
999 _c29061
_d29061